|
|
|
|
| LEADER |
00000nab a2200000 a 4500 |
| 001 |
vtls009967146 |
| 003 |
SK-MaSNL |
| 005 |
20260318123631.0 |
| 008 |
091105 2009 xo | |000 0|hun |
| 015 |
|
|
|a SNBRB2009/11
|
| 038 |
|
|
|a KEVKJB
|
| 040 |
|
|
|a KEVKJB
|b slo
|c KEVKJB
|e AACR2
|
| 041 |
0 |
|
|a hun
|
| 044 |
|
|
|a xo
|c SK
|
| 080 |
|
|
|a 72/76:061.4
|2 2001
|
| 100 |
1 |
|
|a Hudák, Katalin,
|d 1977-
|4 aut
|9 868228
|
| 245 |
1 |
0 |
|a Művészetek határok nélkül
|c Hudák Katalin
|
| 300 |
|
|
|b Fotogr.
|
| 611 |
2 |
7 |
|a Kultúrny festival Medzibodrožia
|n (7. :
|d 2009 :
|c Kráľovský Chlmec, Slovensko)
|2 kevkjb
|9 1192398
|
| 611 |
2 |
7 |
|a Umenia bez hraníc
|g séria výstav
|d (2009 :
|c Kráľovský Chlmec, Slovensko)
|2 kevkjb
|9 1315158
|
| 650 |
0 |
7 |
|a výtvarné umenie
|2 kevkjb
|9 723
|
| 651 |
|
7 |
|a Kráľovský Chlmec (Slovensko)
|2 kevkjb
|9 15685
|
| 773 |
0 |
|
|t Kassai Figyelő
|g Évf. VII, sz. 10 (2009), o. 9
|
| 852 |
|
|
|a KEVKJB
|b KIS3GCP
|
| 958 |
|
|
|a HU
|
| 999 |
|
|
|c 2648024
|d 2649954
|